Un Dios para la ciencia

Gardado en:
Detalles Bibliográficos
Autor Principal: Magnin, Thierry (autor)
Formato: Libro
Idioma:Lingua castelá
Publicado: Buenos Aires Ciudad Nueva 1997
Subjects:
Tags: Engadir etiqueta
Sen Etiquetas, Sexa o primeiro en etiquetar este rexistro!

MARC

LEADER 00000nam a2200000 a 4500
001 UCN0919
003 CL-VaPUC
008 010406e19970000AG |||||||||||||||||spa|d
082 0 4 |a 215  |b MAG  |2 21 
100 |a Magnin, Thierry  |e autor  |9 456291 
245 1 3 |a Un Dios para la ciencia 
300 |a 105 p 
942 |c BK 
945 |d 20010406 00:00:00  |a vberengu 
260 |a Buenos Aires  |b Ciudad Nueva  |c 1997 
600 0 |a Dios  |9 314467 
650 0 |a Ciencia y religión   |9 321686 
583 |a last modification  |c 20010406 00:00:00  |k Rodrigo Vera 
999 |c 294531  |d 294529 
952 |0 0  |1 2  |4 0  |6 215_000000000000000_MAG_1997  |7 0  |8 A  |9 347022  |a BIBTEO  |b BIBTEO  |d 2019-11-20  |i 367844K  |o 215 MAG 1997  |p 367844K  |r 2019-11-20  |w 2019-11-20  |x Descarte 2019  |y BK  |k ICR